00501nam a22001577a 450000500170000000800410001702000220005804100080008008200160008810000230010424501110012725000170023826000550025530000100031065000230032020251127181905.0251125b |||||||| |||| 00| 0 eng d a978-81-19613-31-1 aeng a615.1 GAH-P aGAHLOT, DR. VINOD  aPHARMACOLOGY -I EXAM SUCCESS COMPANION [ Previous 5 years solved questions papers] 4th semester . B.Pharm  a1st ed, 2024 aNew delhi binnovative publications pvt.ltd c2024 a202;p aPHARMACYxB.PHARMA